Grèce ou Chypre? - Statistiques

Statistiques générales
  • Ce quiz a été pris 94 fois
  • Le résultat moyen est 16 sur 24
Statistiques - réponses
Hint Réponse % Correct
Athènes Grèce
92%
L'île de Santorin Grèce
88%
Parthénon Grèce
88%
Le mont Athos Grèce
86%
A un drapeau bleu et blanc Grèce
86%
Berceau de la démocratie Grèce
85%
Le nord du pays est de facto occupé par la Turquie Chypre
82%
Nicosie Chypre
80%
Est en partie occupé par le Royaume-Uni Chypre
76%
Religion orthodoxe Les deux
74%
Indépendance obtenue en 1960 Chypre
72%
Membre de la zone Euro Les deux
69%
Langue grecque Les deux
69%
Membre de l'Union Européenne Les deux
68%
La station balnéaire d'Ayia Napa Chypre
67%
Lieu de naissance d'Aphrodite Chypre
56%
Halloumi Chypre
54%
Massif du Troodos Chypre
53%
Dentelle de Lefkara Chypre
53%
Civilisation minoenne Grèce
53%
Membre de l'espace Schengen Grèce
49%
Indépendance obtenue de l'Empire ottoman Grèce
31%
Mont Olympe Les deux
21%
Bataille de Salamine Les deux
11%
Aucun quiz correspondant
Distribution des résultats
% des personnes avec chaque résultat
Percentile par nombre de réponses
Votre historique - résultats
Vous n’avez pas pris ce quiz